[Event "85th ch-GER 2014"]
[Site "Verden an der Aller GER"]
[Date "2014.11.23"]
[Round "3.2"]
[White "Zehnter, Sebastian"]
[Black "Kunin, Vitaly"]
[Result "1/2-1/2"]
[BlackTitle "GM"]
[WhiteElo "2237"]
[BlackElo "2585"]
[WhiteFideId "24608670"]
[BlackFideId "4128737"]
[EventDate "2014.11.21"]

1. e4 c5 2. Nc3 Nc6 3. Nf3 e6 4. d4 cxd4 5. Nxd4 Qc7 6. g3 a6 7. Bg2 d6 8. O-O
Bd7 9. Nde2 Nf6 10. h3 Be7 11. Be3 b5 12. a4 b4 13. Nb1 O-O 14. Nd2 Rab8 15. f4
Na5 16. b3 Nb7 17. g4 d5 18. e5 Ne8 19. Bd4 f6 20. Rc1 Nc5 21. c4 Nd3 22. Rc2
Rc8 23. Nf3 fxe5 24. Nxe5 Nxe5 25. fxe5 Rxf1+ 26. Kxf1 Bg5 27. Qd3 g6 28. Ke1
Ng7 29. Kd1 dxc4 30. Rxc4 Qb8 31. Kc2 Be7 32. Kb2 Ne8 33. Rxc8 Qxc8 34. Qc2 Qd8
35. Qe4 Bc8 36. Kc2 a5 37. Qc6 Bg5 38. Qb6 Nc7 39. Qd6 Nd5 40. Qxd8+ Bxd8 41.
Bxd5 exd5 42. Nf4 Kf7 43. Nxd5 h5 44. Nf6 h4 45. Bf2 g5 46. Be3 Kg6 47. Ne4 Bb7
48. Nc5 Bg2 49. Ne6 Be7 50. Nc7 Bxh3 51. Nd5 Bd8 52. e6 Bxg4 53. e7 Bxe7 54.
Nxe7+ Kh5 55. Kd2 h3 56. Bg1 Be6 57. Ke3 Bxb3 58. Nc6 Kg4 59. Bh2 Bxa4 60. Nxa5
Kf5 61. Nc4 Ke6 62. Nb2 Bb5 63. Kd4 Kf5 64. Ke3 Ke6 65. Kd4 b3 66. Bg3 Be8 67.
Bh2 Kd7 68. Kc5 Bg6 69. Bg3 Bc2 70. Bh2 Ke7 71. Kd4 Kf6 72. Bg3 Kf5 73. Ke3 Kg4
74. Bh2 Kh4 75. Kf2 g4 76. Bg3+ Kg5 77. Ke3 Kf5 78. Bh2 Kf6 79. Bg3 Bf5 80. Bh2
Be6 1/2-1/2

[Event "85th ch-GER 2014"]
[Site "Verden an der Aller GER"]
[Date "2014.11.23"]
[Round "3.3"]
[White "Bluebaum, Matthias"]
[Black "Plischki, Sebastian"]
[Result "1-0"]
[WhiteTitle "IM"]
[BlackTitle "IM"]
[WhiteElo "2537"]
[BlackElo "2396"]
[WhiteFideId "24651516"]
[BlackFideId "4637143"]
[EventDate "2014.11.21"]

1. d4 d5 2. c4 c6 3. Nc3 Nf6 4. e3 a6 5. Qc2 g6 6. Bd3 Bg7 7. Nf3 O-O 8. O-O Bg4
9. Ne5 Be6 10. Ne2 dxc4 11. Nxc4 Nbd7 12. Nf4 Bxc4 13. Bxc4 e5 14. dxe5 Nxe5 15.
Bb3 Qe7 16. Bd2 Rac8 17. Bc3 c5 18. Qe2 b5 19. a3 Ne4 20. Be1 Rfe8 21. Rd1 Nf6
22. Bc3 Ne4 23. Be1 Nf6 24. Nd5 Nxd5 25. Bxd5 Qc7 26. Bc3 c4 27. Qd2 Ng4 28. g3
Bxc3 29. Qxc3 Qe5 30. Rd4 Nf6 31. Bf3 Re6 32. Rfd1 Kg7 33. Kg2 h5 34. b3 Rc5 35.
bxc4 bxc4 36. Rc1 Qb8 37. Rxc4 Rxc4 38. Qxc4 Qb2 39. Qc3 Qb5 40. Qd4 Qb3 41. a4
Qb6 42. Qxb6 Rxb6 43. Rc6 Nd7 44. a5 Rxc6 45. Bxc6 Nc5 46. e4 f5 47. exf5 gxf5
48. Kf3 Kf6 49. Ke3 Ke5 50. f4+ Kd6 51. Bf3 Nb3 52. Bxh5 Nxa5 53. Be2 Nc6 54.
Bxa6 Ke6 55. Bd3 Kf6 56. h3 1-0

[Event "85th ch-GER 2014"]
[Site "Verden an der Aller GER"]
[Date "2014.11.23"]
[Round "3.4"]
[White "Wagner, Dennis"]
[Black "Kabisch, Thilo"]
[Result "1/2-1/2"]
[WhiteTitle "IM"]
[WhiteElo "2484"]
[BlackElo "2204"]
[WhiteFideId "24650684"]
[BlackFideId "4603745"]
[EventDate "2014.11.21"]

1. d4 Nf6 2. c4 g6 3. Nc3 Bg7 4. e4 d6 5. Nf3 O-O 6. Be2 e5 7. Be3 Ng4 8. Bg5 f6
9. Bh4 g5 10. Bg3 Nh6 11. dxe5 dxe5 12. Qc2 Nc6 13. Rd1 Qe8 14. h3 Rf7 15. Nd5
Be6 16. O-O Rc8 17. b4 g4 18. hxg4 Bxg4 19. b5 Nd8 20. Ne3 Be6 21. Nh4 Rd7 22.
Qa4 Rxd1 23. Rxd1 a6 24. Qa5 axb5 25. cxb5 c6 26. a4 Bf8 27. Qd2 Ra8 28. bxc6
Qxc6 29. Nd5 Bxd5 30. Bb5 Qc5 31. exd5 Ndf7 32. Rc1 Qb4 33. Qd3 Qa3 34. Qb1 Bc5
35. Kh1 Nd6 36. Bd3 f5 37. Bxe5 Rxa4 38. g3 Ng4 39. Bxd6 Nxf2+ 40. Kg2 Nxd3 41.
Rxc5 Qa2+ 42. Qxa2 Rxa2+ 43. Kf3 Nxc5 44. Bxc5 Ra5 45. Bb6 Rxd5 46. Kf4 Rb5 47.
Bd4 Kf7 1/2-1/2

[Event "85th ch-GER 2014"]
[Site "Verden an der Aller GER"]
[Date "2014.11.23"]
[Round "3.5"]
[White "Buhmann, Rainer"]
[Black "Meins, Gerlef"]
[Result "1/2-1/2"]
[WhiteTitle "GM"]
[BlackTitle "IM"]
[WhiteElo "2601"]
[BlackElo "2443"]
[WhiteFideId "4651340"]
[BlackFideId "4620895"]
[EventDate "2014.11.21"]

1. d4 d5 2. c4 e6 3. Nf3 c5 4. cxd5 exd5 5. Bg5 f6 6. Bf4 Nc6 7. e3 cxd4 8. Nxd4
Bb4+ 9. Nc3 Nge7 10. Bd3 Nxd4 11. exd4 O-O 12. O-O Bf5 13. Bxf5 Nxf5 14. Qb3
Bxc3 15. bxc3 Qd7 16. Rfb1 Rf7 17. Re1 Rc8 18. Re2 Re7 19. Rxe7 Nxe7 20. Re1 b6
21. h3 Nc6 22. Qb5 Rd8 23. Qe2 Qf7 24. Bc1 Na5 25. Qf3 Nc4 26. Bf4 h5 27. h4 Kf8
28. g4 hxg4 29. Qxg4 Re8 30. Rxe8+ Qxe8 31. Kh2 g6 32. Bg3 Kg7 33. Qf4 Qd7 34.
Kg2 a5 35. Qb8 b5 36. f3 Ne3+ 37. Kh2 Nf1+ 38. Kg2 Ne3+ 39. Kh2 Nf1+ 40. Kg2 1/2-1/2

[Event "85th ch-GER 2014"]
[Site "Verden an der Aller GER"]
[Date "2014.11.23"]
[Round "3.6"]
[White "Siebrecht, Sebastian"]
[Black "Jugelt, Tobias"]
[Result "1-0"]
[WhiteTitle "GM"]
[BlackTitle "IM"]
[WhiteElo "2464"]
[BlackElo "2404"]
[WhiteFideId "4609352"]
[BlackFideId "4626150"]
[EventDate "2014.11.21"]

1. c4 c6 2. e4 e5 3. Nc3 Bc5 4. Nf3 Qf6 5. Na4 d6 6. Nxc5 dxc5 7. h3 Ne7 8. d3
h6 9. Be3 b6 10. a3 Ng6 11. b4 Nd7 12. g3 Qd6 13. b5 cxb5 14. cxb5 a6 15. a4 O-O
16. Nd2 Bb7 17. Nc4 Qe7 18. h4 f5 19. Qb3 axb5 20. Nxe5+ Kh7 21. Nxg6 Kxg6 22.
Bg2 fxe4 23. Qxb5 Ne5 24. O-O Rf6 25. dxe4 Ba6 26. Qb1 Bxf1 27. Bxf1 Nf3+ 28.
Kg2 Qe5 29. Be2 Raf8 30. Bxf3 Rxf3 31. Qxb6+ R8f6 32. Qb1 Kh5 33. a5 Kg4 34. Qd1
Qxe4 35. Ra4 c4 36. Qe2 Kh5 37. Rxc4 Qe6 38. a6 Kg6 39. Qd3+ Kf7 40. a7 1-0

[Event "85th ch-GER 2014"]
[Site "Verden an der Aller GER"]
[Date "2014.11.23"]
[Round "3.7"]
[White "Khenkin, Igor"]
[Black "Thiel, Thomas"]
[Result "1-0"]
[WhiteTitle "GM"]
[BlackTitle "FM"]
[WhiteElo "2575"]
[BlackElo "2323"]
[WhiteFideId "4659600"]
[BlackFideId "4615964"]
[EventDate "2014.11.21"]

1. d4 d5 2. c4 c6 3. Nf3 Nf6 4. Nc3 dxc4 5. a4 Bf5 6. Nh4 Bg4 7. h3 Bh5 8. g4
Bg6 9. Nxg6 hxg6 10. e4 e6 11. g5 Nfd7 12. Bxc4 Bb4 13. Be3 Qe7 14. Qb3 a5 15.
O-O-O O-O 16. h4 b5 17. axb5 Nb6 18. Na4 Nxc4 19. Qxc4 Qb7 20. b6 Nd7 21. h5 c5
22. dxc5 Qc6 23. b3 Ne5 24. Qc2 Rfc8 25. hxg6 Nxg6 26. f4 1-0

[Event "85th ch-GER 2014"]
[Site "Verden an der Aller GER"]
[Date "2014.11.23"]
[Round "3.8"]
[White "Bastian, Herbert"]
[Black "Svane, Rasmus"]
[Result "0-1"]
[WhiteTitle "IM"]
[BlackTitle "IM"]
[WhiteElo "2317"]
[BlackElo "2509"]
[WhiteFideId "4601700"]
[BlackFideId "4657101"]
[EventDate "2014.11.21"]

1. e4 c5 2. Nc3 Nc6 3. g3 g6 4. Bg2 Bg7 5. d3 d6 6. Bg5 Rb8 7. Nf3 b5 8. a3 Nf6
9. O-O h6 10. Bd2 Bg4 11. h3 Bd7 12. Be3 Qc8 13. Kh2 e5 14. Qd2 Nd4 15. Ng1 a5
16. f4 b4 17. axb4 axb4 18. Nce2 h5 19. fxe5 Ng4+ 20. hxg4 hxg4+ 21. Bh3 Nf3+
22. Nxf3 gxf3 23. Kg1 Rxh3 24. Nf4 Rxg3+ 25. Kh2 Rg4 26. Rxf3 Bxe5 27. Kh1 Rh4+
28. Kg1 Bg4 29. Rf2 Bxb2 30. Raf1 Bc3 31. Qc1 Bh3 32. Ng2 Bxg2 33. Rxg2 Ra8 34.
Qd1 Ra1 0-1

[Event "85th ch-GER 2014"]
[Site "Verden an der Aller GER"]
[Date "2014.11.23"]
[Round "3.9"]
[White "Bischoff, Klaus"]
[Black "Skibbe, Willi"]
[Result "1/2-1/2"]
[WhiteTitle "GM"]
[BlackTitle "FM"]
[WhiteElo "2502"]
[BlackElo "2274"]
[WhiteFideId "4600045"]
[BlackFideId "4682190"]
[EventDate "2014.11.21"]

1. d4 d5 2. Nf3 Nc6 3. e3 Bg4 4. Be2 Nf6 5. Nbd2 e6 6. a3 Be7 7. b3 O-O 8. Bb2
Ne4 9. Nxe4 dxe4 10. Nd2 Bf5 11. c4 Bg6 12. Qc2 f5 13. d5 exd5 14. cxd5 Nb8 15.
O-O Nd7 16. Rac1 Rc8 17. Nc4 Nb6 18. Rfd1 Nxc4 19. bxc4 b6 20. Bd4 Bxa3 21. Ra1
Bd6 22. Rxa7 Bh5 23. Bxh5 Qh4 24. g3 Qxh5 25. Rda1 Qg6 26. c5 bxc5 27. Bxc5 Rfd8
28. R1a6 Qe8 29. Rc6 Bxc5 30. Qxc5 Qe5 31. Re6 Qb2 32. Rxc7 Qb1+ 33. Kg2 Qd1 34.
h4 Qf3+ 35. Kg1 Qd1+ 36. Kh2 Qe2 37. Rxg7+ Kxg7 38. Qe7+ Kh8 39. Qf6+ Kg8 40.
Qg5+ Kh8 1/2-1/2

[Event "85th ch-GER 2014"]
[Site "Verden an der Aller GER"]
[Date "2014.11.23"]
[Round "3.10"]
[White "Krause, Ullrich"]
[Black "Poetsch, Hagen"]
[Result "0-1"]
[WhiteTitle "FM"]
[BlackTitle "IM"]
[WhiteElo "2276"]
[BlackElo "2498"]
[WhiteFideId "4613058"]
[BlackFideId "24615137"]
[EventDate "2014.11.21"]

1. Nf3 Nf6 2. c4 e6 3. g3 a6 4. Bg2 b5 5. b3 Bb7 6. O-O c5 7. Bb2 Be7 8. e3 O-O
9. Qe2 d5 10. Rd1 Qb6 11. d4 dxc4 12. dxc5 Qxc5 13. bxc4 b4 14. a3 a5 15. axb4
axb4 16. Rxa8 Bxa8 17. Nbd2 Rd8 18. Ra1 Bb7 19. Nb3 Qc8 20. Ra7 Nbd7 21. Ne5
Bxg2 22. Kxg2 Nxe5 23. Bxe5 Rd7 24. Rxd7 Nxd7 25. Bd4 Qc6+ 26. f3 e5 27. Bb2 e4
28. f4 Qa4 29. Nd4 Qa2 30. Kh3 h5 31. Nf5 Bf6 32. Qd1 Bxb2 33. Qxd7 Qxc4 34.
Qe8+ Kh7 35. Nd4 Bxd4 36. Qxe4+ g6 37. exd4 Qe6+ 0-1

[Event "85th ch-GER 2014"]
[Site "Verden an der Aller GER"]
[Date "2014.11.23"]
[Round "3.11"]
[White "Schild, Christoph"]
[Black "Schulz, Michael1"]
[Result "1-0"]
[WhiteTitle "FM"]
[BlackTitle "FM"]
[WhiteElo "2424"]
[BlackElo "2233"]
[WhiteFideId "4637089"]
[BlackFideId "4616731"]
[EventDate "2014.11.21"]

1. c4 e5 2. Nc3 Nf6 3. Nf3 Nc6 4. g3 d5 5. cxd5 Nxd5 6. Bg2 Nb6 7. O-O Be7 8. a3
O-O 9. b4 Be6 10. d3 f6 11. Ne4 Nd5 12. Bb2 Qd7 13. Rc1 a5 14. b5 Nd8 15. a4 b6
16. d4 exd4 17. Nxd4 Bf7 18. Nc3 Rc8 19. Nc6 Nxc6 20. bxc6 Qxc6 21. Nxd5 Qd6 22.
Rc6 1-0

[Event "85th ch-GER 2014"]
[Site "Verden an der Aller GER"]
[Date "2014.11.23"]
[Round "3.12"]
[White "Hundack, Rolf"]
[Black "Graf, Felix"]
[Result "0-1"]
[BlackTitle "IM"]
[WhiteElo "2223"]
[BlackElo "2476"]
[WhiteFideId "4653092"]
[BlackFideId "24608904"]
[EventDate "2014.11.21"]

1. c4 b6 2. Nf3 Bb7 3. g3 e5 4. d3 Bb4+ 5. Bd2 Bxf3 6. exf3 Bxd2+ 7. Qxd2 Qf6 8.
Bg2 Nc6 9. Nc3 Nge7 10. O-O O-O 11. Ne2 Ng6 12. Rfd1 Rad8 13. Rac1 Rfe8 14. b4
Nf8 15. b5 Nd4 16. Nxd4 exd4 17. Re1 Ne6 18. f4 Nc5 19. Re2 Qg6 20. Rce1 Kf8 21.
Be4 f5 22. Bf3 Rxe2 23. Rxe2 Re8 24. Qb2 Rxe2 25. Bxe2 Qd6 26. Qa3 Qe6 27. Kf1
d5 28. cxd5 Qxd5 29. Kg1 Qa8 30. Qb4 Qd5 31. Qa3 Qa8 32. Qb4 Qd8 33. Qa3 Qe8 34.
Bf1 Qxb5 35. Qxa7 Qd7 36. Qb8+ Kf7 37. Qh8 Kg6 38. Qa8 h6 39. Be2 Qe6 40. Bf1
Kh7 41. h3 Qg8 42. Qc6 Qc8 43. Qd5 Qd7 44. Qc4 Na4 45. Bg2 b5 46. Qb3 Nc3 47.
Qa3 Qd6 48. Qa8 Qe6 49. Qd8 c5 50. a3 Qe1+ 51. Kh2 Ne2 52. h4 Qg1+ 53. Kh3 Qxf2 0-1

[Event "85th ch-GER 2014"]
[Site "Verden an der Aller GER"]
[Date "2014.11.23"]
[Round "3.13"]
[White "Gutman, Lev"]
[Black "Buchal, Stephan"]
[Result "1-0"]
[WhiteTitle "GM"]
[BlackTitle "FM"]
[WhiteElo "2408"]
[BlackElo "2255"]
[WhiteFideId "4600177"]
[BlackFideId "4603915"]
[EventDate "2014.11.21"]

1. Nf3 g6 2. g3 Bg7 3. d4 d6 4. Bg2 Nf6 5. O-O O-O 6. c4 Nc6 7. h3 a6 8. Be3 Bd7
9. Nc3 Rb8 10. Rc1 b5 11. b3 bxc4 12. bxc4 Re8 13. Nd2 e5 14. d5 Nd4 15. Bg5 Nf5
16. g4 Ne7 17. c5 dxc5 18. Nde4 Nxe4 19. Nxe4 Rb6 20. d6 cxd6 21. Nxd6 Ba4 22.
Qxa4 Rxd6 23. Rfd1 Rd4 24. Rxd4 cxd4 25. Qxa6 h6 26. Bd2 Nd5 27. Be4 Kh7 28. a4
Nf6 29. Qd3 Nxe4 30. Qxe4 Qd7 31. a5 f5 32. Qc6 Qe7 33. a6 e4 34. a7 e3 35. fxe3
dxe3 36. Be1 Qf8 37. gxf5 gxf5 38. Qb7 f4 39. Rc7 f3 40. Bc3 1-0

[Event "85th ch-GER 2014"]
[Site "Verden an der Aller GER"]
[Date "2014.11.23"]
[Round "3.14"]
[White "Krallmann, Matthias"]
[Black "Kalinitschew, Sergey"]
[Result "0-1"]
[WhiteTitle "FM"]
[BlackTitle "GM"]
[WhiteElo "2221"]
[BlackElo "2392"]
[WhiteFideId "4613848"]
[BlackFideId "4637321"]
[EventDate "2014.11.21"]

1. d4 e6 2. c4 b6 3. e4 Bb7 4. Bd3 Bb4+ 5. Bd2 Bxd2+ 6. Qxd2 Qf6 7. Nf3 Nc6 8.
Bc2 g5 9. d5 Na5 10. Bb3 Ba6 11. Na3 g4 12. Nd4 c6 13. O-O Ne7 14. Rfe1 Ng6 15.
Rac1 Ne5 16. Rc3 Rg8 17. Kh1 h5 18. Rec1 Kf8 19. Ba4 c5 20. Ndb5 Bxb5 21. Nxb5
h4 22. Bd1 a6 23. Na3 Nb7 24. Rb3 Nd6 25. Qe3 Rb8 26. Be2 Qg5 27. Qxg5 Rxg5 28.
f4 gxf3 29. gxf3 Ng6 30. Rg1 Rxg1+ 31. Kxg1 Nf4 32. Bf1 e5 33. Kf2 Ke7 34. Nb1
b5 35. Nc3 b4 36. Na4 Nb7 37. Re3 a5 38. b3 f6 39. Nb2 Ra8 40. Re1 Kd6 41. Ra1
Ke7 42. Na4 f5 43. Re1 fxe4 44. fxe4 Rf8 45. Kg1 Rc8 46. Re3 Nd6 47. Kf2 Nf7 48.
Bh3 Rf8 49. Bf1 Nh6 50. Kg1 Ng4 51. Rf3 d6 52. Nb2 Rg8 53. Kh1 Nf6 54. Re3 Rg4
55. Nd1 Rg8 56. Nb2 Kf7 57. Nd1 Kf8 58. Nb2 Kg7 59. Nd1 Kh6 60. Nb2 Kg5 61. Nd1
Rf8 62. Kg1 Ng4 63. Rf3 Rf6 64. Nf2 Nxd5 65. Nh3+ Kh6 66. Rd3 Nc3 67. Bg2 Ne2+
68. Kh1 Nf4 69. Nxf4 exf4 70. Kg1 Ne5 71. Rd5 f3 72. Bh3 Kg5 73. Kf2 Kf4 74. Bf5
Rf8 75. Rxd6 Rg8 76. Bh3 Kxe4 77. Rh6 Nd3+ 78. Kf1 Nf4 79. Rxh4 Rd8 80. Ke1 Ke3
81. Bf1 f2# 0-1

[Event "85th ch-GER 2014"]
[Site "Verden an der Aller GER"]
[Date "2014.11.23"]
[Round "3.15"]
[White "Kuersten, Ruediger"]
[Black "Breutigam, Martin"]
[Result "0-1"]
[BlackTitle "IM"]
[WhiteElo "2179"]
[BlackElo "2409"]
[WhiteFideId "24605816"]
[BlackFideId "4601840"]
[EventDate "2014.11.21"]

1. d4 d5 2. c4 c6 3. Nf3 Nf6 4. Nc3 dxc4 5. g3 g6 6. Bg2 Bg7 7. Ne5 Ng4 8. f4
O-O 9. O-O Nxe5 10. dxe5 Qxd1 11. Rxd1 Be6 12. Be3 Na6 13. Rd2 f6 14. exf6 exf6
15. Rad1 f5 16. Bf3 Rfe8 17. Kf2 Bf8 18. Bd4 Bc5 19. Na4 Bxd4+ 20. Rxd4 Kf7 21.
h3 h5 22. Rd6 Ke7 23. Ke3 Bd5 24. R6xd5 cxd5 25. Rxd5 Rad8 26. Ra5 Kd6+ 27. Kd4
Kc7+ 28. Kxc4 Rd2 29. Kc3 Rd6 30. a3 Kb8 31. Kc2 Nc7 32. Nc3 Re3 33. Ra4 b5 34.
Rb4 a5 35. Nxb5 Rb6 36. Nxc7 axb4 37. Nd5 Rc6+ 38. Kb1 Rxf3 39. exf3 b3 40. Nc3
Re6 41. Kc1 Re3 42. Kd2 Rxf3 43. Ne2 Ka7 44. g4 fxg4 45. hxg4 hxg4 46. Nd4 Rf2+
47. Ne2 Rf3 48. Nd4 Rxf4 49. Ke3 Rf6 50. Ne2 Ka6 51. Nf4 g3 0-1

[Event "85th ch-GER 2014"]
[Site "Verden an der Aller GER"]
[Date "2014.11.23"]
[Round "3.16"]
[White "Harff, Marcel"]
[Black "Stern, Rene"]
[Result "1/2-1/2"]
[WhiteTitle "FM"]
[BlackTitle "GM"]
[WhiteElo "2273"]
[BlackElo "2546"]
[WhiteFideId "24621382"]
[BlackFideId "4611799"]
[EventDate "2014.11.21"]

1. Nf3 Nf6 2. c4 e6 3. d4 d5 4. Nc3 Nbd7 5. cxd5 exd5 6. Bg5 Bb4 7. Qb3 c5 8. a3
Bxc3+ 9. Qxc3 Ne4 10. Bxd8 Nxc3 11. Bh4 Ne4 12. dxc5 Ndxc5 13. e3 O-O 14. Be7
Nb3 15. Rd1 Re8 16. Bh4 Be6 17. Bd3 Rec8 18. O-O h6 19. Bg3 Bg4 20. Rfe1 Nxg3
21. fxg3 Rd8 22. h3 Be6 23. Bc2 Na5 24. Nd4 Nc4 25. Rb1 Rac8 26. Kf2 a6 27. a4
Bd7 28. b3 Nd2 29. Rbc1 Ne4+ 30. Bxe4 dxe4 31. g4 Kf8 32. Ke2 Ke7 33. Kd2 b5 34.
axb5 Bxb5 35. Rxc8 Rxc8 36. Ra1 Bd3 37. g3 Kf6 38. Ra5 g6 39. h4 Kg7 40. Rd5 Rc7
41. h5 1/2-1/2

[Event "85th ch-GER 2014"]
[Site "Verden an der Aller GER"]
[Date "2014.11.23"]
[Round "3.17"]
[White "Schmid, Roland GER"]
[Black "Boidman, Yuri"]
[Result "1-0"]
[BlackTitle "IM"]
[WhiteElo "2249"]
[BlackElo "2393"]
[WhiteFideId "24647810"]
[BlackFideId "4643992"]
[EventDate "2014.11.21"]

1. d4 d5 2. c4 c6 3. Nc3 Nf6 4. e3 e6 5. Nf3 Nbd7 6. Qc2 Bd6 7. Bd3 O-O 8. O-O
dxc4 9. Bxc4 Qe7 10. h3 e5 11. Bb3 Bc7 12. Bd2 h6 13. Nh4 e4 14. Nb5 Bb8 15. Ng6
Qd8 16. Nxf8 Nxf8 17. Nc3 Qd6 18. g3 Bxh3 19. Nxe4 Qe7 20. Nxf6+ Qxf6 21. Qe4
Bxf1 22. Rxf1 Bd6 23. Bc3 Ne6 24. Qg2 Ng5 25. f4 Nh7 26. e4 Qe7 27. a3 Rd8 28.
e5 Bc7 29. Qe4 Nf6 30. Qd3 Nd5 31. Bc2 g6 32. f5 Nxc3 33. fxg6 Rxd4 34. gxf7+
Qxf7 35. Rxf7 Rxd3 36. Rxc7 Ne2+ 37. Kf2 Rd2 38. Bh7+ Kf8 39. Ke3 Rd5 40. Kxe2
Rxe5+ 41. Kf3 Rb5 42. b4 a5 43. Bd3 Rb6 44. bxa5 Rb3 45. Ke4 Rxa3 46. a6 Ra4+
47. Ke3 bxa6 48. Rxc6 h5 49. Rxa6 Rb4 50. Be4 Kg7 51. Rg6+ Kf7 52. Rh6 Rb5 53.
Bg6+ Kg7 54. Rxh5 1-0

[Event "85th ch-GER 2014"]
[Site "Verden an der Aller GER"]
[Date "2014.11.23"]
[Round "3.19"]
[White "Kollars, Dmitrij"]
[Black "Hoeffer, David"]
[Result "1-0"]
[WhiteElo "2283"]
[BlackElo "2276"]
[WhiteFideId "12909572"]
[BlackFideId "24606766"]
[EventDate "2014.11.21"]

1. e4 c6 2. d4 d5 3. Nc3 dxe4 4. Nxe4 Bf5 5. Ng3 Bg6 6. h4 h6 7. h5 Bh7 8. Nf3
Nd7 9. Bd3 Bxd3 10. Qxd3 Ngf6 11. Bf4 Nd5 12. Bd2 e6 13. O-O-O Be7 14. c4 N5f6
15. Ne4 Nxe4 16. Qxe4 Nf6 17. Qe2 Qc7 18. Ne5 Bd6 19. Bc3 O-O-O 20. g4 Bxe5 21.
dxe5 Rxd1+ 22. Rxd1 Nd7 23. Rd6 Rd8 24. Qe3 Nb6 25. Qd4 Qe7 26. Kc2 Qh4 27.
Rxd8+ Qxd8 28. Qxd8+ Kxd8 29. Ba5 Ke7 30. Bxb6 axb6 31. Kc3 g6 32. f4 gxh5 33.
gxh5 Kd7 34. Kb4 Kc7 35. a4 Kb8 36. c5 Kc7 37. cxb6+ Kxb6 38. a5+ Ka6 39. Kc5
Kxa5 40. Kd6 b5 41. Kxc6 Kb4 42. Kb6 Kc4 43. Ka5 b4 44. Ka4 b3 45. Ka3 Kd4 46.
Kxb3 Ke4 47. Kc4 Kxf4 48. Kd4 1-0

[Event "85th ch-GER 2014"]
[Site "Verden an der Aller GER"]
[Date "2014.11.23"]
[Round "3.20"]
[White "Asendorf, Joachim"]
[Black "Grigorian, Spartak"]
[Result "0-1"]
[WhiteTitle "FM"]
[WhiteElo "2298"]
[BlackElo "2244"]
[WhiteFideId "4639260"]
[BlackFideId "24661490"]
[EventDate "2014.11.21"]

1. Nf3 Nf6 2. c4 e6 3. g3 d5 4. Bg2 dxc4 5. Na3 Bxa3 6. bxa3 b5 7. a4 a6 8. Rb1
c6 9. Ba3 Bb7 10. O-O Nbd7 11. d4 Nb6 12. Ne5 Qc7 13. Qc2 Nfd7 14. Rfd1 f6 15.
Ng6 hxg6 16. Qxg6+ Kd8 17. Qxg7 Re8 18. Bf3 Kc8 19. Bh5 Rd8 20. Qe7 Nf8 21. Qxf6
Nd5 22. Qh6 Qh7 23. Qxh7 Nxh7 24. Rdc1 Ndf6 25. Bf7 Kd7 26. h4 Rab8 27. f3 Rh8
28. g4 Nf8 29. g5 Nd5 30. Bxf8 Rbxf8 31. g6 Rxf7 32. gxf7 Ke7 33. Kf2 Kxf7 34.
Rh1 b4 35. a5 e5 36. dxe5 c5 37. Rbd1 Ke6 38. e4 Nf4 39. Rd6+ Kxe5 40. Rb6 Rh7
41. Ke3 Rd7 42. h5 Rd3+ 43. Kf2 Rxf3+ 44. Kxf3 Bxe4+ 45. Ke3 Bxh1 46. h6 Be4 47.
Rb8 Nd5+ 48. Kd2 c3+ 49. Ke1 Kd4 50. Re8 Kd3 0-1

[Event "85th ch-GER 2014"]
[Site "Verden an der Aller GER"]
[Date "2014.11.23"]
[Round "3.21"]
[White "Reimche, Vadim"]
[Black "Steffens, Olaf"]
[Result "0-1"]
[BlackTitle "FM"]
[WhiteElo "2084"]
[BlackElo "2279"]
[WhiteFideId "4642422"]
[BlackFideId "4630564"]
[EventDate "2014.11.21"]

1. d4 Na6 2. e4 c6 3. c4 g6 4. Nf3 Bg7 5. Be2 d6 6. O-O Nh6 7. Bf4 f5 8. e5 Nf7
9. Nc3 Nc7 10. h3 Ne6 11. Bh2 dxe5 12. dxe5 O-O 13. Qxd8 Rxd8 14. Rad1 Bd7 15.
Bd3 Nc5 16. Bc2 a5 17. Rfe1 Be6 18. b3 Kf8 19. Nd4 Ke8 20. Na4 Rxd4 21. Rxd4
Nxa4 22. bxa4 c5 23. Rd3 Nd8 24. Rb3 Kd7 25. Rb5 Kc6 26. Bd3 Bc8 27. Be2 Ne6 28.
Bf3+ Kc7 29. Reb1 Ra6 30. Bxb7 Ra7 31. Bd5 Bh6 32. Bxe6 Bxe6 33. f4 Bd7 34.
Rxc5+ Bc6 35. Bg3 e6 36. Be1 Bxf4 37. Bxa5+ Kd7 38. Rd1+ Ke8 39. Rxc6 Rxa5 40.
Rxe6+ Kf7 41. Rc6 Kg7 42. Rd7+ Kh6 43. e6 Re5 44. Kf2 Bg5 45. g3 f4 46. g4 Bh4+
47. Kf3 Re3+ 48. Kg2 f3+ 49. Kg1 f2+ 50. Kg2 Re1 51. Rf7 Rg1+ 52. Kf3 f1=Q+ 53.
Ke3 Qxh3+ 54. Kd4 Rd1+ 55. Kc5 Qa3+ 56. Kb6 Qb4+ 57. Kc7 Bg5 0-1

[Event "85th ch-GER 2014"]
[Site "Verden an der Aller GER"]
[Date "2014.11.23"]
[Round "3.22"]
[White "Mueller, Oliver"]
[Black "Mueller, Reinhold"]
[Result "0-1"]
[WhiteTitle "FM"]
[BlackTitle "FM"]
[WhiteElo "2258"]
[BlackElo "2289"]
[WhiteFideId "4633385"]
[BlackFideId "24605875"]
[EventDate "2014.11.21"]

1. d4 Nf6 2. c4 e6 3. g3 c5 4. d5 exd5 5. cxd5 d6 6. Nc3 g6 7. Bg2 Bg7 8. Nf3
O-O 9. O-O Na6 10. Nd2 Nc7 11. Nc4 b5 12. Nxd6 Qxd6 13. Bf4 Qb6 14. d6 Ne6 15.
Bxa8 Nxf4 16. gxf4 Bh3 17. Bg2 Bxg2 18. Kxg2 Rd8 19. Rc1 Rxd6 20. Qb3 Qc6+ 21.
f3 Ng4 22. Ne4 Bd4 23. fxg4 Qxe4+ 24. Qf3 Qe7 25. f5 Ra6 26. Rc2 Rxa2 27. f6 Qe8
28. Rd1 Ra6 29. Rxd4 cxd4 30. Qb7 Rd6 31. g5 h6 32. Rc8 Rd8 33. Rxd8 Qxd8 34.
Qxb5 hxg5 35. Qxg5 Qa8+ 36. Kf2 Qe4 37. b4 Kh7 38. Kg3 d3 39. exd3 Qxd3+ 40. Kg4
Qe2+ 41. Kh3 Qh5+ 42. Qxh5+ gxh5 43. Kg3 Kg6 44. Kf4 Kxf6 45. h4 a6 46. Ke4 Ke6
47. Kf4 f6 48. Ke4 f5+ 49. Kd4 0-1

[Event "85th ch-GER 2014"]
[Site "Verden an der Aller GER"]
[Date "2014.11.24"]
[Round "4.1"]
[White "Fridman, Daniel"]
[Black "Bluebaum, Matthias"]
[Result "1-0"]
[WhiteTitle "GM"]
[BlackTitle "IM"]
[WhiteElo "2639"]
[BlackElo "2537"]
[WhiteFideId "11600454"]
[BlackFideId "24651516"]
[EventDate "2014.11.21"]

1. e4 e6 2. d4 d5 3. Nd2 c5 4. exd5 Qxd5 5. dxc5 Nf6 6. Ngf3 Qxc5 7. Bd3 Nbd7 8.
O-O Be7 9. Re1 Qc7 10. Ne4 b6 11. Nxf6+ Nxf6 12. Ne5 O-O 13. Qf3 Bb7 14. Qh3
Rfd8 15. Bg5 Rd5 16. Bxf6 Bxf6 17. Qxh7+ Kf8 18. f4 Rd4 19. Be4 Rad8 20. Bxb7
Qxb7 21. Qh8+ Ke7 22. Qh5 Bxe5 23. fxe5 Rd2 24. Qh4+ Kd7 25. Re2 Qd5 26. Rxd2
Qxd2 27. Qf2 Ke7 28. Re1 Rd5 29. h3 Ke8 30. c4 Rd4 31. b3 a5 32. Re2 Qc1+ 33.
Kh2 Rd1 34. Qf3 Rh1+ 35. Kg3 Qg5+ 36. Qg4 Qh6 37. Qe4 Qg5+ 38. Kf2 Rd1 39. h4
Qc1 40. Qe3 Qb1 41. Qe4 Qc1 42. Kg3 g5 43. h5 Rh1 44. Rf2 Kf8 45. Qa8+ Kg7 46.
Qf3 Qf4+ 47. Qxf4 gxf4+ 48. Kg4 Rh2 49. Rc2 f3 50. Kxf3 Rxh5 51. c5 bxc5 52.
Rxc5 a4 53. b4 Rh4 54. a3 Rd4 55. Ke3 Rg4 56. Kf2 Kg6 57. Ra5 Kf5 58. Rxa4 Kxe5
59. Ra7 f5 60. b5 Kd5 61. b6 Kc6 62. Re7 Kxb6 63. Rxe6+ Kc7 64. Rf6 f4 65. a4
Kd7 66. a5 Ke7 67. Rh6 Rg3 68. a6 Ra3 69. a7 Kf7 70. Rh8 1-0